LEADER 01333cam2 22003491 450 001 SOBE00063847 005 20200610102009.0 010 $a9788804715658 100 $a20200610d2019 |||||ita|0103 ba 101 $aita$agrc 102 $aIT 200 1 $aElettra$fSofocle$gintroduzione e commento di Francis Dunn$gtesto critico a cura di Liana Lomiento$gtraduzione di Bruno Gentili 210 $a[Milano]$cFondazione Lorenzo Valla$cMondadori$d2019 215 $aCXX, 416, p.$d21 cm 225 2 $aScrittori greci e latini 300 $aTesto originale a fronte 410 1$1001LAEC00023055$12001 $a*Scrittori greci e latini 461 1$1001SOBE00063848$12001 $aTragedie e frammenti / Sofocle 500 10$aElectra$3SOBA00019849$972657 700 0$aSophocles$3AF00006483$4070$0439098 702 1$aDunn, Francis M.$3SOBA00019848$4070 702 1$aGentili, Bruno <1915-2014>$3A600200029143$4070 702 1$aLomiento, Liana$3A600200058680$4070 801 0$aIT$bUNISOB$c20200610$gRICA 850 $aUNISOB 852 $aUNISOB$j870|Coll|10|K$m172225 912 $aSOBE00063847 940 $aM 102 Monografia moderna SBN 941 $aM 957 $a870|Coll|10|K$b000110$gSI$d172225$n20200204$racquisto$tV$1menle$2UNISOB$3UNISOB$420200610101916.0$520200610102009.0$6menle 996 $aElectra$972657 997 $aUNISOB LEADER 02709nam 2200673Ia 450 001 9910452096303321 005 20200520144314.0 010 $a0-19-802000-7 010 $a1-280-52299-2 010 $a9786610522996 010 $a1-4294-0145-1 035 $a(CKB)1000000000465664 035 $a(EBL)271046 035 $a(OCoLC)476006296 035 $a(SSID)ssj0000289637 035 $a(PQKBManifestationID)12070955 035 $a(PQKBTitleCode)TC0000289637 035 $a(PQKBWorkID)10401437 035 $a(PQKB)10385290 035 $a(SSID)ssj0000108940 035 $a(PQKBManifestationID)11129577 035 $a(PQKBTitleCode)TC0000108940 035 $a(PQKBWorkID)10044135 035 $a(PQKB)10759789 035 $a(MiAaPQ)EBC271046 035 $a(Au-PeEL)EBL271046 035 $a(CaPaEBR)ebr10142045 035 $a(CaONFJC)MIL52299 035 $a(OCoLC)466424142 035 $a(EXLCZ)991000000000465664 100 $a19940926d1960 uy 0 101 0 $aeng 135 $aur|n|---||||| 181 $ctxt 182 $cc 183 $acr 200 10$aBaseball$b[electronic resource] $ethe early years /$fby Harold Seymour 210 $aNew York $cOxford University Press$d1960 215 $a1 online resource (394 p.) 300 $aDescription based upon print version of record. 311 $a0-19-505912-3 311 $a0-19-500100-1 320 $aIncludes bibliographical references and index. 327 $aCONTENTS; PART ONE - THE AMATEUR ERA; PART TWO - BASEBALL BECOMES A BUSINESS; PART THREE - ORGANIZED BASEBALL; PART FOUR - MONOPOLY AT ITS APEX; BIBLIOGRAPHICAL NOTE; INDEX 330 $aThese two critically-acclaimed volumes mark the beginning of a monumental multi-volume study of baseball by the man whom Sports Illustrated has called ""the Edward Gibbon of baseball history."" Now available in paperback, Harold Seymour's The Early Years and The Golden Age together recount the true story of how baseball came into being and how it developed into a highly organized business and social institution. The first volume, The Early Years , traces the growth of baseball from the time of the first recorded ball game at Valley Forge during the revolution until the formation of the two pre 606 $aBaseball$zUnited States$xHistory 606 $aBall games$zUnited States$xHistory 608 $aElectronic books. 615 0$aBaseball$xHistory. 615 0$aBall games$xHistory. 676 $a796.357 700 $aSeymour$b Harold$f1910-1992.$0877620 801 0$bMiAaPQ 801 1$bMiAaPQ 801 2$bMiAaPQ 906 $aBOOK 912 $a9910452096303321 996 $aBaseball$91959678 997 $aUNINA LEADER 01240oam 2200349z- 450 001 9910872365203321 005 20220413125359 035 $a(FR-PaCSA)88926688 035 $a(CKB)4920000002149961 035 $a(FRCYB88926688)88926688 035 $a(EXLCZ)994920000002149961 100 $a20260303d2021 u| | 101 0 $afre 135 $aurun| ||||| 181 $ctxt$2rdacontent 182 $cc$2rdamedia 183 $acr$2rdacarrier 200 10$aHistoire sociale et genrée de l?éducation physique en Suisse romande$e(milieu du XIXe siècle-début du XXe siècle)$fCzáka, Véronique 210 1$aNeuchâtel, Suisse$cAlphil-Presses universitaires suisses$d2021 215 $a1 online resource (617 p.) 311 08$a9782889303311 311 08$a2889303314 606 $aYOUNG ADULT NONFICTION / School & Education$2bisacsh 606 $aSPORTS & RECREATION / History$2bisacsh 615 7$aYOUNG ADULT NONFICTION / School & Education 615 7$aSPORTS & RECREATION / History 700 $aCzáka$b Véronique$01318196 801 0$bFR-PaCSA 906 $aBOOK 912 $a9910872365203321 996 $aHistoire sociale et genrée de l?éducation physique en Suisse romande$94338253 997 $aUNINA